00651nam a2200241 a 4500001001300000003000900013005001700022008004100039020000800080082001300088100001900101245001500120260003600135300000900171500003500180505001300215650002300228700001900251902000800270942000700278952010900285999001500394nice12345678IN_TiNIC20260116011816.0050524s1965 luca grp 000 0 urd  ac900a823bHAG aHaggard, Rider aNidai Rooh aLucknowbNaseem Book Depoc1965 a518p aincludes index and biblioraphy2 aAppendix aLiterature-Fiction1 aHaggard, Rider bSRS cBK 001040708StackRoom-aHMIbHMId2007-06-14g9.00l0o823 HAGp05619r2007-06-14v9.00w2005-05-24yBK c4129d4129